Memorias del primer foro "Las acciones por el río Bogotá" : (Registro nro. 1818)
[ vista simple ]
| 000 -CABECERA | |
|---|---|
| Campo de control | 00999nam a2200289 a 4500 |
| 005 - FECHA Y HORA DE LA ULTIMA TRANSACCION | |
| Campo de control | 20180803164935.0 |
| 008 - ELEMENTOS DE LONGITUD FIJA—INFORMACION GENERAL | |
| Campo de control | 140303b1999 ck ||||| |||| 00| 0 spa d |
| 040 ## - FUENTE DE CATALOGACIÓN | |
| Agencia catalogadora original | CO-BoIAVH |
| Agencia transcriptora | CO-BoIAVH |
| 041 ## - IDIOMA | |
| Código de idioma para texto/pista de sonido o título separado | Español |
| 044 ## - PAÍS DE PUBLICACIÓN | |
| País de publicación | Colombia |
| 082 14 - NUMERO DE CLASIFICACION DECIMAL DEWEY | |
| Número de clasificación | 333.916216 |
| Número del ítem | M53f |
| 110 ## - ASIENTO PRINCIPAL--NOMBRE CORPORATIVO | |
| Unidad subordinad | Fundación al Verde Vivo |
| 9 (RLIN) | 13229 |
| 111 1# - ASIENTO PRINCIPAL--NOMBRE DE REUNION | |
| Nombre de reunión o de jurisdicción como elemento de entrada | Foro las acciones por el Río Bogotá ( |
| Lugar de la reunión | Bogotá: |
| Fecha de la reunión | abril, 1999) |
| 9 (RLIN) | 43586 |
| 245 10 - MENCION DE TITULO | |
| Título | Memorias del primer foro "Las acciones por el río Bogotá" : |
| Parte restante del título | segunda navegación abril de 1999 |
| 260 ## - PUBLICACION, DISTRIBUCION, ETC. (PIE DE IMPRENTA) | |
| Lugar de publicación, distribución, etc. | Bogotá: |
| Nombre del editor, distribuidor, etc. | CAR, |
| -- | Fundación al Verde Vivo, |
| Fecha de publicación, distribución, etc. | 1999. |
| 300 ## - DESCRIPCION FISICA | |
| Extensión | 174 p´ginas. |
| 650 1# - ASIENTO SECUNDARIO DE MATERIA - TERMINO TEMATICO | |
| Término temático o nombre geográfico como elemento de entrada | Gestión ambiental |
| 9 (RLIN) | 92206 |
| 650 1# - ASIENTO SECUNDARIO DE MATERIA - TERMINO TEMATICO | |
| Término temático o nombre geográfico como elemento de entrada | Medio ambiente |
| 9 (RLIN) | 92195 |
| 650 1# - ASIENTO SECUNDARIO DE MATERIA - TERMINO TEMATICO | |
| Término temático o nombre geográfico como elemento de entrada | Cuencas hidrográficas |
| 9 (RLIN) | 92255 |
| 650 1# - ASIENTO SECUNDARIO DE MATERIA - TERMINO TEMATICO | |
| Término temático o nombre geográfico como elemento de entrada | Humedales |
| 9 (RLIN) | 43590 |
| 650 1# - ASIENTO SECUNDARIO DE MATERIA - TERMINO TEMATICO | |
| Término temático o nombre geográfico como elemento de entrada | Biodiversidad |
| 9 (RLIN) | 92204 |
| 650 1# - ASIENTO SECUNDARIO DE MATERIA - TERMINO TEMATICO | |
| Término temático o nombre geográfico como elemento de entrada | Recuperación ambiental |
| 9 (RLIN) | 2472 |
| 650 1# - ASIENTO SECUNDARIO DE MATERIA - TERMINO TEMATICO | |
| Término temático o nombre geográfico como elemento de entrada | Recuperación de ecosistemas |
| 9 (RLIN) | 3503 |
| 662 1# - ASIENTO SECUNDARIO DE MATERIA - JERARQUIA DEL NOMBRE DE LUGAR( | |
| País o entidad mayor | Colombia |
| Jurisdicción política intermedia | Río Bogotá |
| 700 1# - ASIENTO SECUNDARIO - NOMBRE PERSONAL | |
| Nombre personal | Vasquez, Fernando |
| Término de relación | editor |
| 9 (RLIN) | 13228 |
| 942 ## - ELEMENTOS ADICIONALES (KOHA) | |
| Tipo de ítem | Libro |
| Sistema de clasificación | Dewey Decimal Classification |
| Withdrawn status | Lost status | Sistema de Clasificación | Damaged status | No para préstamo | Colección | Inventariado | Ubicación Permanente | Ubicación actual | Fecha de adquisición | Valor | Total Checkouts | Número topográfico | Inventario / Código de Barras | Date last seen | Ejemplar | Price effective from | Forma de adquisición | Tipo de material | Date checked out |
|---|---|---|---|---|---|---|---|---|---|---|---|---|---|---|---|---|---|---|---|
| Dewey Decimal Classification | General | Inventariado 2017 | Bogotá | Bogotá | 14/08/2007 | 39000.00 | 2 | LB-333.916216 M53f | 025028 | 28/01/2020 | Ej. 2 | 04/12/2012 | Libro | 28/01/2020 | |||||
| Dewey Decimal Classification | General | Inventariado 2017 | Sala Fabio Quevedo | Sala Fabio Quevedo | 24/01/2001 | 39000.00 | LB-333.916216 M53f | 002276 | 04/12/2012 | Ej. 1 | 04/12/2012 | Donación | Libro |